Research : A practical guide to finding information

Bibliographic Details
Main Author: FENNERhPeter 1937-
Other Authors: Armstrong 1923-
Format: Book
Published: Los Altos, Calif. : W. Kaufmann , 1981
Subjects:

MARC

LEADER 00000cam a2200000 7i4500
001 0000000552
005 20000906.0
020 0 0 |a 0865760101 
090 0 0 |a 001.42   |b FEN 1981 
100 1 0 |a FENNERhPeter   |c 1937- 
245 1 0 |a Research :   |b A practical guide to finding information   |c Peter Fenner, Martha C. Armstrong 
260 0 0 |a Los Altos, Calif. :   |b W. Kaufmann ,   |c 1981 
300 |a vii, 174 p. :   |b ill. ;   |c 23 cm. 
500 0 0 |a "General sources lists": p. [71]-87 and index 
650 0 0 |a Libraries   |x Handbooks, manuals, etc. 
650 0 0 |a Research   |x Methodology   |x Handbooks, manuals, etc. 
700 0 1 |a Armstrong   |h Martha C. ,   |c 1923- 
999 |a 0000000373   |b Monograph   |c Open Shelf   |e Default branch